000 00559nam a2200229Ia 4500
003 OSt
005 20220918210039.0
006 a|||||r|||| 00| 0
007 ta
008 220917b |||||||| |||| 00| 0 eng d
024 _a118,892
037 _cTextual
040 _aARTS
_cARTS
_beng
041 _2eng
_aeng
082 _aV73:21wM09, H7
100 _aAngle Paul M ed
_9116920
245 0 _aLincoln reader
260 _c1947
650 _aHISTORY
942 _hV73:21wM09, H7
_cTEXL
_2CC
999 _c242161
_d242161